|
|
|
|
| LEADER |
00000cam a2200000 i 4500 |
| 001 |
vtls009759047 |
| 003 |
SK-MaSNL |
| 005 |
20260301171518.0 |
| 008 |
210928s1982 xr r 000 0 cze |
| 035 |
|
|
|a (SVKBBclas03)vtls000132963
|
| 040 |
|
|
|a SNK
|b slo
|c SNK
|e AACR2
|
| 041 |
0 |
|
|a cze
|
| 044 |
|
|
|a xr
|c CZ
|
| 080 |
|
|
|a 389.6:02
|2 1981
|
| 080 |
|
|
|a 003.083
|2 1981
|
| 080 |
|
|
|a 006
|2 1981
|
| 245 |
0 |
0 |
|a Zkratky českých a slovenských slov vyskytujúcich se ve jménnem záznamu
|b 2. verse podkladu pro zpracování normy RVHP-ČSN Zkracování slov a slovních spojení v bibliografickém popisu
|
| 260 |
|
|
|a Praha
|b Ústředí vědeckých, technických a ekonomických informací
|c 1982
|
| 300 |
|
|
|a 61 s.
|c 4°
|
| 490 |
1 |
|
|a Materiály komise pro normalizací v oboru VTEI a knihovníctví
|
| 650 |
0 |
7 |
|a menný popis
|2 SNK
|9 539292
|
| 650 |
0 |
7 |
|a skratky
|2 SNKPH
|9 23481
|
| 650 |
0 |
7 |
|a knihovníctvo
|2 SNKPH
|9 1557
|
| 655 |
|
7 |
|a normy ČSN
|2 SNK
|9 539293
|
| 830 |
|
0 |
|a Materiály komise pro normalizací v oboru VTEI a knihovníctví
|9 539294
|
| 958 |
|
|
|a OND
|
| 999 |
|
|
|c 831027
|d 832957
|
| 952 |
|
|
|a SNK
|b SNK
|y PREZ
|7 0
|p 17A0983251
|o snkSB 34812
|i snkKIP 1037/83
|0 0
|1 0
|4 0
|d 2014-06-12
|f 1
|l 0
|r 2025-04-10 00:00:00
|w 2026-02-24
|